000 00435nam a22001575a 4500
020 _a817022618X
020 _a8170226287 (pbk.)
040 _cDLC
082 _a333 MUK 1997 C332 Or.
100 1 _aMukherjee, Neela.
245 1 0 _aParticipatory appraisal of natural resources /
260 _aNew Delhi :
_bConcept Pub. Co.,
_c1997.
300 _a186 p. :
_bill. ;
_c22 cm.
490 1 _aStudies in rural participation ;
942 _cREC
999 _c22025
_d22025